Datum a čas kvízu
36.5
Celkem bodů
Celkový počet nahraných bodů na tomto kvízu bez doplňovacích otázek.
1.
Pořadí na kvízu
Konečné umístění týmu na tomto kvízu.
Zaznamenané odpovědi
| # | Otázka | Odpověď | Body | Výsledky |
|---|---|---|---|---|
| 1. | „Pro ___. Ne pro ___." Doplňte... | vás; politiky | 0.5 | |
| 2. | Americký ministr zdravotnictví... | D | 0 | |
| 3. | Ve čtvrtek vyšel trailer na no... | bude černobílá | 1 | |
| 4. | Média minulý týden informovala... | z Lisabonu | 1 | |
| 5. | Fanoušek Manchesteru United, F... | C) ostříhat si vlasy | 1 | |
| 6. | Hned v úvodu bod rozdělíme: za... | Ulánbátar; Altaj | 0.5 | |
| 7. | Z následujících možností vyber... | A | 1 | |
| 8. | Jak se jmenuje hudební skupina... | The Hu | 1 | |
| 9. | Které náboženství je v Mongols... | buddhismus (lamaismus) | 1 | |
| 10. | Do Mongolska zasadila děj svéh... | babičce | 0 |